000 00328nam a2200145Ia 4500
008 210210b1915 xxu||||| |||| 00| 0 eng d
041 _aeng
082 _a911/35
100 _aMANDEVILLE (J)
245 _aTravels
260 _aLondon
_bMacmillan & Co. Ltd.
_c1915
650 _aTravels
690 _aTravel
906 _a024706
999 _c150328
_d150328